[Event "Stay Safe Play From Home 234"]
[Site "Emanuel Lasker Arena"]
[Date "2020.06.17"]
[Round "5"]
[White "Shyamph1980"]
[Black "Klasman"]
[Result "0-1"]
[WhiteElo "1689"]
[BlackElo "1619"]
[Annotator "NA RC"]
[PlyCount "58"]
[EventDate "2020.06.17"]
[EventType "swiss (blitz)"]

1. d4 {[%emt 0:00:03]} f5 {[%emt 0:00:01]} 2. Nf3 {[%emt 0:00:03]} Nf6 {[%emt 0:00:02]} 3. c4 {[%emt 0:00:03]} e6 {[%emt 0:00:01]} 4. Nc3 {[%emt 0:00:02]} Bb4 {[%emt 0:00:02]} 5. Bg5 {[%emt 0:00:05]} c5 {[%emt 0:00:05]} 6. e3 {[%emt 0:00:08]} Qa5 {[%emt 0:00:03]} 7. Bxf6 {[%emt 0:00:10]} Bxc3+ {[%emt 0:00:02]} 8. Nd2 {[%emt 0:00:15]} Bxd2+ {[%emt 0:00:03]} 9. Qxd2 {[%emt 0:00:05]} Qxd2+ {[%emt 0:00:01]} 10. Kxd2 {[%emt 0:00:01]} gxf6 {[%emt 0:00:02]} 11. dxc5 {[%emt 0:00:02]} Na6 {[%emt 0:00:04]} 12. Be2 {[%emt 0:00:11]} Nxc5 {[%emt 0:00:02]} 13. Bh5+ {[%emt 0:00:07]} Ke7 {[%emt 0:00:04]} 14. Bf3 {[%emt 0:00:06]} e5 {[%emt 0:00:08]} 15. b4 {[%emt 0:00:03]} e4 {[%emt 0:00:04]} 16. bxc5 {[%emt 0:00:03]} exf3 {[%emt 0:00:02]} 17. gxf3 {[%emt 0:00:01]} b6 {[%emt 0:00:07]} 18. cxb6 {[%emt 0:00:10]} axb6 {[%emt 0:00:01]} 19. Kc3 {[%emt 0:00:01]} Bb7 {[%emt 0:00:05]} 20. Rhb1 {[%emt 0:00:08]} Ra6 {[%emt 0:00:23]} 21. Rb5 {[%emt 0:00:06]} Rha8 {[%emt 0:00:25]} 22. Rab1 {[%emt 0:00:03]} Rxa2 {[%emt 0:00:05]} 23. Rxb6 {[%emt 0:00:06]} Bxf3 {[%emt 0:00:08]} 24. Rg1 {[%emt 0:00:25]} Kf7 {[%emt 0:00:16]} 25. Rd6 {[%emt 0:00:04]} Bc6 {[%emt 0:00:05]} 26. Rf1 {[%emt 0:00:08]} R8a3+ {[%emt 0:00:05]} 27. Kd4 {[%emt 0:00:03]} Ke7 {[%emt 0:00:04]} 28. c5 {[%emt 0:00:09]} Rb2 {[%emt 0:00:13]} 29. Rg1 {[%emt 0:00:03]} Rb4# {[%emt 0:00:03] (Lag: Av=0.67s, max=0.9s)} 0-1

[Event "Stay Safe Play From Home 234"]
[Site "Emanuel Lasker Arena"]
[Date "2020.06.17"]
[Round "6"]
[White "Don59as"]
[Black "Mehrdadahouran"]
[Result "1-0"]
[WhiteElo "2046"]
[BlackElo "2015"]
[Annotator "NA RC"]
[PlyCount "223"]
[EventDate "2020.06.17"]
[EventType "swiss (blitz)"]

1. c4 {[%emt 0:00:02]} c5 {[%emt 0:00:03]} 2. Nc3 {[%emt 0:00:01]} Nc6 {[%emt 0:00:01]} 3. e4 {[%emt 0:00:01]} d6 {[%emt 0:00:02]} 4. g3 {[%emt 0:00:00]} g6 {[%emt 0:00:01]} 5. Bg2 {[%emt 0:00:00]} Bg7 {[%emt 0:00:00]} 6. Nge2 {[%emt 0:00:00]} Nd4 {[%emt 0:00:06]} 7. h3 {[%emt 0:00:03]} e6 {[%emt 0:00:02]} 8. d3 {[%emt 0:00:01]} Ne7 {[%emt 0:00:01]} 9. O-O {[%emt 0:00:01]} Nec6 {[%emt 0:00:01]} 10. Kh2 {[%emt 0:00:02]} a6 {[%emt 0:00:04]} 11. f4 {[%emt 0:00:02]} Rb8 {[%emt 0:00:01]} 12. Rb1 {[%emt 0:00:03]} b5 {[%emt 0:00:01]} 13. b3 {[%emt 0:00:01]} b4 {[%emt 0:00:02]} 14. Nxd4 {[%emt 0:00:06]} Nxd4 {[%emt 0:00:12]} 15. Ne2 {[%emt 0:00:01]} f5 {[%emt 0:00:10]} 16. exf5 {[%emt 0:00:03]} Nxf5 {[%emt 0:00:12]} 17. Bb2 {[%emt 0:00:07]} Bxb2 {[%emt 0:00:05]} 18. Rxb2 {[%emt 0:00:01]} O-O {[%emt 0:00:01]} 19. Qd2 {[%emt 0:00:03]} Bb7 {[%emt 0:00:04]} 20. d4 {[%emt 0:00:02]} Bxg2 {[%emt 0:00:02]} 21. Kxg2 {[%emt 0:00:01]} Qc7 {[%emt 0:00:13]} 22. d5 {[%emt 0:00:04]} exd5 {[%emt 0:00:06]} 23. Qxd5+ {[%emt 0:00:05]} Qf7 {[%emt 0:00:01]} 24. Qxf7+ {[%emt 0:00:12]} Rxf7 {[%emt 0:00:00]} 25. Rf3 {[%emt 0:00:01]} Re8 {[%emt 0:00:02]} 26. Kf2 {[%emt 0:00:01]} Rfe7 {[%emt 0:00:02]} 27. Rd2 {[%emt 0:00:04]} Re6 {[%emt 0:00:12]} 28. g4 {[%emt 0:00:02]} Ne7 {[%emt 0:00:06]} 29. Rfd3 {[%emt 0:00:07]} Nc8 {[%emt 0:00:06]} 30. Ng3 {[%emt 0:00:04]} Rf8 {[%emt 0:00:02]} 31. f5 {[%emt 0:00:01]} gxf5 {[%emt 0:00:01]} 32. Nxf5 {[%emt 0:00:01]} h5 {[%emt 0:00:04]} 33. Kg3 {[%emt 0:00:01]} hxg4 {[%emt 0:00:01]} 34. hxg4 {[%emt 0:00:00]} Rg6 {[%emt 0:00:03]} 35. Nxd6 {[%emt 0:00:04]} Ne7 {[%emt 0:00:09]} 36. Re3 {[%emt 0:00:08]} Nc6 {[%emt 0:00:10]} 37. Rd5 {[%emt 0:00:01]} Nd4 {[%emt 0:00:04]} 38. Ree5 {[%emt 0:00:18]} Rf3+ {[%emt 0:00:10]} 39. Kh4 {[%emt 0:00:04]} Rf4 {[%emt 0:00:01]} 40. Re8+ {[%emt 0:00:12]} Kg7 {[%emt 0:00:04]} 41. Re7+ {[%emt 0:00:17]} Kg8 {[%emt 0:00:09]} 42. Re8+ {[%emt 0:00:04]} Kh7 {[%emt 0:00:04]} 43. Rh5+ {[%emt 0:00:02]} Kg7 {[%emt 0:00:01]} 44. Re7+ {[%emt 0:00:11]} Kf8 {[%emt 0:00:04]} 45. Re8+ {[%emt 0:00:01]} Kg7 {[%emt 0:00:01]} 46. Nf5+ {[%emt 0:00:03]} Nxf5+ {[%emt 0:00:05]} 47. Rxf5 {[%emt 0:00:01]} Rgxg4+ {[%emt 0:00:09]} 48. Kh3 {[%emt 0:00:03]} Rxf5 {[%emt 0:00:15]} 49. Kxg4 {[%emt 0:00:01]} Rf6 {[%emt 0:00:12]} 50. Rc8 {[%emt 0:00:03]} Rf2 {[%emt 0:00:05]} 51. Rxc5 {[%emt 0:00:01]} Rxa2 {[%emt 0:00:01]} 52. Rc6 {[%emt 0:00:09]} a5 {[%emt 0:00:04]} 53. Ra6 {[%emt 0:00:07]} a4 {[%emt 0:00:03]} 54. Rb6 {[%emt 0:00:08]} axb3 {[%emt 0:00:11]} 55. Rxb4 {[%emt 0:00:01]} b2 {[%emt 0:00:01]} 56. Kf5 {[%emt 0:00:04]} Kf7 {[%emt 0:00:02]} 57. Rb7+ {[%emt 0:00:02]} Ke8 {[%emt 0:00:02]} 58. Ke6 {[%emt 0:00:03]} Kd8 {[%emt 0:00:00]} 59. Kd6 {[%emt 0:00:04]} Kc8 {[%emt 0:00:01]} 60. Rb3 {[%emt 0:00:01]} Ra4 {[%emt 0:00:16]} 61. c5 {[%emt 0:00:06]} Rd4+ {[%emt 0:00:01]} 62. Kc6 {[%emt 0:00:02]} Rd2 {[%emt 0:00:01]} 63. Kb6 {[%emt 0:00:04]} Rc2 {[%emt 0:00:02]} 64. c6 {[%emt 0:00:02]} Rh2 {[%emt 0:00:01]} 65. Rb4 {[%emt 0:00:06]} Rg2 {[%emt 0:00:03]} 66. Kc5 {[%emt 0:00:05]} Kc7 {[%emt 0:00:03]} 67. Rb7+ {[%emt 0:00:02]} Kc8 {[%emt 0:00:00]} 68. Kd4 {[%emt 0:00:04]} Rd2+ {[%emt 0:00:01]} 69. Kc3 {[%emt 0:00:03]} Rg2 {[%emt 0:00:01]} 70. Kc4 {[%emt 0:00:08]} Rg6 {[%emt 0:00:01]} 71. Kd5 {[%emt 0:00:02]} Rg5+ {[%emt 0:00:01]} 72. Ke4 {[%emt 0:00:01]} Rg2 {[%emt 0:00:01]} 73. Kd3 {[%emt 0:00:02]} Rg3+ {[%emt 0:00:01]} 74. Kc2 {[%emt 0:00:02]} Rg2+ {[%emt 0:00:00]} 75. Kb1 {[%emt 0:00:01]} Kd8 {[%emt 0:00:01]} 76. Rd7+ {[%emt 0:00:03]} Kc8 {[%emt 0:00:00]} 77. Rf7 {[%emt 0:00:01]} Kd8 {[%emt 0:00:00]} 78. c7+ {[%emt 0:00:02]} Kc8 {[%emt 0:00:01]} 79. Re7 {[%emt 0:00:01]} Rf2 {[%emt 0:00:01]} 80. Rh7 {[%emt 0:00:01]} Rg2 {[%emt 0:00:01]} 81. Rf7 {[%emt 0:00:01]} Rh2 {[%emt 0:00:01]} 82. Ka2 {[%emt 0:00:00]} Rg2 {[%emt 0:00:00]} 83. Rh7 {[%emt 0:00:01]} Rf2 {[%emt 0:00:02]} 84. Re7 {[%emt 0:00:01]} Rc2 {[%emt 0:00:01]} 85. Re1 {[%emt 0:00:02]} Rxc7 {[%emt 0:00:00]} 86. Kxb2 {[%emt 0:00:01]} Rb7+ {[%emt 0:00:00]} 87. Kc3 {[%emt 0:00:00]} Rc7+ {[%emt 0:00:00]} 88. Kd4 {[%emt 0:00:00]} Rd7+ {[%emt 0:00:00]} 89. Kc5 {[%emt 0:00:00]} Kd8 {[%emt 0:00:00]} 90. Kc6 {[%emt 0:00:01]} Re7 {[%emt 0:00:00]} 91. Rd1+ {[%emt 0:00:01]} Ke8 {[%emt 0:00:00]} 92. Rh1 {[%emt 0:00:01]} Rf7 {[%emt 0:00:00]} 93. Kd6 {[%emt 0:00:00]} Rf6+ {[%emt 0:00:01]} 94. Ke5 {[%emt 0:00:01]} Kf7 {[%emt 0:00:00]} 95. Rh7+ {[%emt 0:00:01]} Kg6 {[%emt 0:00:01]} 96. Rh2 {[%emt 0:00:01]} Rf5+ {[%emt 0:00:00]} 97. Ke4 {[%emt 0:00:01]} Rg5 {[%emt 0:00:00]} 98. Rh3 {[%emt 0:00:01]} Rg4+ {[%emt 0:00:00]} 99. Kf3 {[%emt 0:00:00]} Rg5 {[%emt 0:00:00]} 100. Kf4 {[%emt 0:00:01]} Rf5+ {[%emt 0:00:00]} 101. Ke4 {[%emt 0:00:00]} Rg5 {[%emt 0:00:00]} 102. Rf3 {[%emt 0:00:01]} Rg4+ {[%emt 0:00:00]} 103. Ke3 {[%emt 0:00:00]} Rg5 {[%emt 0:00:00]} 104. Rf8 {[%emt 0:00:00]} Rf5 {[%emt 0:00:00]} 105. Rg8+ {[%emt 0:00:00]} Kf7 {[%emt 0:00:00]} 106. Rg2 {[%emt 0:00:00]} Re5+ {[%emt 0:00:00]} 107. Kd4 {[%emt 0:00:00]} Ke6 {[%emt 0:00:00]} 108. Rf2 {[%emt 0:00:00]} Rf5 {[%emt 0:00:01]} 109. Kc4 {[%emt 0:00:00]} Kf6 {[%emt 0:00:00]} 110. Re2 {[%emt 0:00:01]} Rf2 {[%emt 0:00:00]} 111. Rxf2+ {[%emt 0:00:01]} Ke5 {[%emt 0:00:00]} 112. Kd3 {[%emt 0:00:00] Time (Lag: Av=0.78s, max=3.5s)} 1-0

[Event "Stay Safe Play From Home 234"]
[Site "Emanuel Lasker Arena"]
[Date "2020.06.17"]
[Round "6"]
[White "Position"]
[Black "Weltszmerc"]
[Result "0-1"]
[WhiteElo "2044"]
[BlackElo "2131"]
[Annotator "TA"]
[PlyCount "34"]
[EventDate "2020.06.17"]
[EventType "swiss (blitz)"]

{[%evp 9,34,27,26,20,34,-372,-372,-372,-367,-358,-366,-392,-367,-421,-425,-750,-463,-473,-470,-489,-457,-443,-437,-433,-436,-812,-791]} 1. e4 Nf6 2. e5 Nd5 3. Nc3 c6 4. Nxd5 cxd5 5. d4 d6 6. Nf3 {B02: Alekhine's Defence: Chase Variation and lines with early Nc3.} Nc6 {[#]} 7. Bb5 $146 {[%mdl 8192]} (7. c3 $14 {stays ahead.}) ({Predecessor:} 7. Be2 Bg4 8. exd6 e6 9. O-O Bxd6 10. Re1 Qc7 11. h3 Bxf3 12. Bxf3 O-O 13. a4 {½-½ (52) Castellanos Sanchez,C (2299)-Fernandez Garcia,J (2430) Havana 2010}) 7... Qa5+ $19 {[%mdl 64] [#] Double Attack} 8. c3 {Black is winning.} Qxb5 9. exd6 exd6 10. h3 Be7 11. Qc2 O-O {Black is clearly winning.} 12. Bg5 (12. Bf4 $142) 12... Re8 {Threatens to win with ...Bxg5+.} 13. O-O-O h6 14. Bxe7 Rxe7 15. Rhe1 Rxe1 16. Rxe1 {[%cal Re1e8]} Be6 17. Nd2 {[#]} (17. Kb1 $142) 17... Nb4 $1 {Black took control after the opening. Accuracy: White = 35%, Black = 76%.} 0-1

[Event "Stay Safe Play From Home 234"]
[Site "Emanuel Lasker Arena"]
[Date "2020.06.17"]
[Round "6"]
[White "Dukic"]
[Black "Lazieri3"]
[Result "0-1"]
[WhiteElo "1921"]
[BlackElo "2045"]
[Annotator "TA"]
[PlyCount "106"]
[EventDate "2020.06.17"]
[EventType "swiss (blitz)"]

{[%evp 18,106,24,17,26,24,30,28,31,7,10,-108,13,12,12,0,7,7,0,0,23,23,43,40,66,0,80,0,65,17,42,54,112,19,29,28,52,-93,0,0,110,78,77,67,80,73,97,103,444,361,607,600,564,236,700,567,613,249,249,249,249,249,249,249,249,249,249,249,279,279,279,279,273,272,279,249,448,249,399,249,249,234,234,0,234,0,0,-8,0,-8,-8]} 1. c4 c6 2. Nc3 d5 3. cxd5 cxd5 4. d4 Nf6 5. Nf3 Nc6 6. Bf4 e6 7. e3 Bd6 8. Bxd6 Qxd6 9. Bd3 O-O 10. O-O h6 {D13: Slav Defence: Exchange variation without ...Bf5.} 11. Rc1 Bd7 12. a3 a6 {White has an edge.} 13. b4 {[#]} Rac8 $146 ({Predecessor:} 13... b5 14. Nd2 e5 15. dxe5 Nxe5 16. Bb1 Be6 17. Nde4 Nxe4 18. Nxe4 Qd8 19. Nc5 Nc4 {1-0 (59) Masset,J-Humbert,P (1636) ICCF email 2011}) 14. Na4 {[#]} (14. Qd2 $11 {remains equal.}) 14... e5 (14... Nxd4 $1 $17 {[%mdl 512]} 15. exd4 Rxc1 16. Qxc1 Bxa4) 15. dxe5 $11 Nxe5 {Threatens to win with ...Rxc1.} 16. Nxe5 Bxa4 17. Qxa4 {Black must now prevent Nf3.} Qxe5 18. Qb3 Rxc1 (18... Ng4 $5 19. g3 $8 Rfe8 $11) 19. Rxc1 Ng4 20. g3 d4 21. e4 ({White should play} 21. Be2 $14 Qf5 22. Bxg4 Qxg4 23. Qc4) 21... Rd8 (21... Qh5 $11 22. h4 Ne5) 22. Qd1 (22. h3 $16 Nf6 23. Qc4) 22... Nf6 (22... Qe6 $11) 23. f4 Qe7 24. Qf3 a5 (24... Qd7 $14) 25. Rc5 (25. e5 $16 Nh7 26. bxa5) 25... axb4 26. axb4 b6 27. Rb5 (27. Rc4 $1 $14 {keeps the upper hand.}) 27... Qc7 ({Better is} 27... Qb7 $1 $17) 28. e5 $1 $36 {[%cal Re5f6][%mdl 2048] White has the initiative.} Nh7 (28... Qc1+ $11 {keeps the balance.} 29. Kg2 Nd5 $1 {[%mdl 512]}) 29. Qe4 Nf8 30. Kg2 g6 31. h4 h5 32. f5 Qc3 $2 {[%mdl 8192]} (32... gxf5 $16 {is tougher.} 33. Qxf5 Qc6+ 34. Qf3 Rc8) 33. e6 Qd2+ $2 (33... fxe6 34. fxe6 (34. fxg6 Qd2+ 35. Kh3 Qe3 $14) 34... Re8) 34. Kh3 $18 Qe3 35. exf7+ (35. Qxe3 $142 {exf7+ would kill now.} dxe3 36. e7 $1 {[%mdl 576] Double Attack}) 35... Kxf7 $2 (35... Kg7 36. Qe5+ (36. fxg6 Qxe4 37. Bxe4 d3 $16) 36... Qxe5 37. Rxe5 gxf5 38. Rxf5 Rc8 39. Rxh5 Rc3) 36. fxg6+ Kg7 37. Rxh5 (37. Qf5 $142 Qe6 38. Qxe6 Nxe6 39. Rxb6) 37... Qxe4 38. Bxe4 {[%mdl 4096] Endgame KRB-KRN} d3 {[#]} 39. Rd5 $1 {[%cal Rd5d8]} Rxd5 40. Bxd5 {KB-KN} d2 41. Bf3 Nxg6 42. Kg2 Ne5 {[#]} 43. Bd1 $1 Nd3 44. Kf3 Nxb4 45. Ke2 Nd5 46. Kxd2 Kf6 $2 (46... b5 47. Bf3 Nc7) 47. Be2 (47. Bf3 $142 Ne7 48. Be4) 47... Ke5 (47... Kf5 $142 48. Bf3 Nc7) 48. Kd3 Nb4+ 49. Kc4 Nd5 {intending ...Ne3+.} 50. Bf3 $2 (50. g4 $18) 50... Ne7 $2 (50... Ne3+ $1 $11 {and Black is okay.} 51. Kb5 Nf5) 51. Kb5 $2 (51. g4 $18) 51... Nf5 $11 {The position is equal.} 52. h5 Nxg3 53. h6 {White wants to mate with h7.} Kf6 {[%mdl 32768] Accuracy: White = 52%, Black = 49%. . Sensor Board Error (Ke4/e5)?} 0-1

[Event "Stay Safe Play From Home 234"]
[Site "Emanuel Lasker Arena"]
[Date "2020.06.17"]
[Round "6"]
[White "Klasman"]
[Black "Greblah"]
[Result "1-0"]
[WhiteElo "1639"]
[BlackElo "1925"]
[Annotator "TA"]
[PlyCount "83"]
[EventDate "2020.06.17"]
[EventType "swiss (blitz)"]

{[%evp 9,83,5,24,0,5,-12,18,4,0,-43,-42,-36,-39,-43,-29,-32,-28,-30,-30,-45,0,-33,0,0,11,0,13,13,13,0,0,0,0,0,0,0,9,0,47,47,47,47,204,47,204,204,368,55,439,434,537,506,622,597,882,866,828,767,1367,1195,1342,1335,1310,1283,1240,1200,29984,29984,29986,29987,29987,29988,29992,29993,29995,29994]} 1. f4 c6 2. e4 d5 3. e5 Bf5 4. Nf3 e6 5. d4 Ne7 (5... h5 {with more complications.} 6. Nc3 Nh6 7. Be3 Nd7 8. Be2 Be7) 6. Bd3 {B12: Caro-Kann: Advance Variation.} Bxd3 7. Qxd3 Qa5+ 8. Nbd2 {The position is equal.} (8. Bd2 {is more complex.} Qa6 9. Qxa6 Nxa6 10. Nc3 h5 11. Ne2) 8... Qa6 {[#]} 9. O-O $146 ({Predecessor:} 9. Qe3 Nf5 10. Qf2 h5 11. Nb3 Nd7 12. Nh4 Nxh4 13. Qxh4 Be7 14. Qg3 g6 15. Be3 {0-1 (99) Parol,P (1696)-Czapla,A Poland 2014}) 9... Qxd3 10. cxd3 h5 11. Nh4 g6 12. Ndf3 Na6 {[%cal Bb8a6,Ba6c7,Bc7b5][%mdl 32]} 13. a3 Nc7 14. Bd2 Nb5 15. Bb4 Nf5 16. Nxf5 exf5 17. Bxf8 Rxf8 18. a4 Nc7 19. Ng5 Ne6 20. Nxe6 fxe6 $11 {[%mdl 4096] Endgame KRR-KRR} 21. b4 a5 22. Rfb1 Rf7 23. Kf2 Kd8 24. Kg3 Kc7 25. Kh4 Rff8 $2 {[#] Black is now going downhill.} (25... axb4 $14 26. Rxb4 b6) 26. Kg5 $2 ({White has to play} 26. b5 $1 $18) 26... Rg8 $2 (26... axb4 $14 27. a5 Kd7) 27. b5 $18 cxb5 $2 (27... Raf8 28. Rb2 Rb8) 28. axb5 $2 (28. Rxb5 $18 {Strongly threatening Rc1+.} Ra6 29. Rab1) 28... b6 $2 {[%mdl 8192]} (28... Kb6 $1 $14) 29. Rc1+ Kd7 30. Rc6 Rab8 31. Rac1 Rb7 32. Rd6+ Ke7 33. Rcc6 a4 34. Rxe6+ {[%mdl 64] [#] Double Attack} Kd7 35. Rxb6 Rxb6 36. Rxb6 {KR-KR} Ra8 37. Ra6 Rxa6 38. bxa6 {White mates.} Kc6 39. e6 a3 40. e7 a2 41. e8=Q+ {[%mdl 64] Double Attack} Kb6 42. Qa4 {Accuracy: White = 74%, Black = 43%.} 1-0

[Event "Stay Safe Play From Home 234"]
[Site "Emanuel Lasker Arena"]
[Date "2020.06.17"]
[Round "7"]
[White "Don59as"]
[Black "Klasman"]
[Result "1-0"]
[WhiteElo "2062"]
[BlackElo "1668"]
[Annotator "NA RC"]
[PlyCount "47"]
[EventDate "2020.06.17"]
[EventType "swiss (blitz)"]

1. c3 {[%emt 0:00:01]} f5 {[%emt 0:00:02]} 2. d4 {[%emt 0:00:01]} d5 {[%emt 0:00:01]} 3. g3 {[%emt 0:00:01]} Nf6 {[%emt 0:00:01]} 4. Bg2 {[%emt 0:00:11]} e6 {[%emt 0:00:01]} 5. Nf3 {[%emt 0:00:01]} c5 {[%emt 0:00:02]} 6. O-O {[%emt 0:00:02]} Nc6 {[%emt 0:00:01]} 7. e3 {[%emt 0:00:02]} Bd6 {[%emt 0:00:02]} 8. b3 {[%emt 0:00:00]} O-O {[%emt 0:00:03]} 9. Bb2 {[%emt 0:00:00]} Bd7 {[%emt 0:00:04]} 10. c4 {[%emt 0:00:01]} dxc4 {[%emt 0:00:19]} 11. bxc4 {[%emt 0:00:09]} Qb6 {[%emt 0:00:09]} 12. Ba3 {[%emt 0:00:18]} Na5 {[%emt 0:00:25]} 13. Qc2 {[%emt 0:00:15]} Bc6 {[%emt 0:00:28]} 14. Nbd2 {[%emt 0:00:07]} Ne4 {[%emt 0:00:09]} 15. Rab1 {[%emt 0:00:08]} Nxd2 {[%emt 0:00:51]} 16. Rxb6 {[%emt 0:00:09]} Nxf3+ {[%emt 0:00:02]} 17. Bxf3 {[%emt 0:00:07]} axb6 {[%emt 0:00:09]} 18. Bxc6 {[%emt 0:00:03]} Nxc6 {[%emt 0:00:11]} 19. dxc5 {[%emt 0:00:06]} bxc5 {[%emt 0:00:14]} 20. Qb3 {[%emt 0:00:16]} Ne5 {[%emt 0:00:16]} 21. Rd1 {[%emt 0:00:06]} Rfd8 {[%emt 0:00:32]} 22. Kg2 {[%emt 0:00:09]} Ra6 {[%emt 0:00:14]} 23. Bb2 {[%emt 0:00:17]} Nf7 {[%emt 0:00:34]} 24. a3 {[%emt 0:00:08] Time (Lag: Av=0.48s, max=0.6s)} 1-0

[Event "Stay Safe Play From Home 234"]
[Site "Emanuel Lasker Arena"]
[Date "2020.06.17"]
[Round "7"]
[White "Lazieri3"]
[Black "Weltszmerc"]
[Result "1-0"]
[WhiteElo "2056"]
[BlackElo "2144"]
[Annotator "TA"]
[PlyCount "141"]
[EventDate "2020.06.17"]
[EventType "swiss (blitz)"]

{[%evp 9,141,-7,-5,-6,-7,-11,-6,-10,-10,-25,-10,-31,-29,-31,-19,-28,0,0,0,-6,0,-1,0,-26,0,-4,-5,0,28,-33,-35,-29,0,-10,-6,-6,0,0,0,0,0,0,0,0,0,0,0,-4,0,-88,0,0,0,0,0,0,8,8,8,0,8,8,8,8,20,0,0,0,0,0,0,0,0,0,0,0,0,0,0,0,0,0,0,0,0,0,0,0,0,0,0,0,9,0,16,0,16,0,0,0,9,9,9,9,9,9,9,9,9,9,9,0,55,55,55,55,55,55,55,55,85,55,58,58,58,58,58,44,59,62,29977,29978,29978,29978]} 1. e4 Nf6 2. Nc3 d5 3. exd5 Nxd5 4. Nxd5 Qxd5 5. Qf3 c6 6. Qxd5 {B02: Alekhine's Defence: Chase Variation and lines with early Nc3.} cxd5 7. d4 Nc6 8. c3 {The position is equal.} Bf5 9. Bf4 e6 10. Kd2 Rc8 11. Bd3 Bxd3 12. Kxd3 Be7 13. Nf3 O-O 14. Ne5 (14. Rhe1 {is more complex.} h5 15. a4 Na5 16. Kc2 g6 17. h4) 14... Nxe5+ 15. Bxe5 {[#]} f6 $146 ({Predecessor:} 15... Rfd8 16. Bf4 Bd6 17. Bxd6 {½-½ (17) Saizew,V (1957)-Cornelius,J (2022) Maastricht 2015}) 16. Bf4 Rc4 17. Rhe1 Kf7 18. Re2 e5 19. Bg3 (19. Rae1 $11) 19... exd4 $15 20. cxd4 Bb4 21. Rc2 Rfc8 22. Rac1 {[%cal Rc2c4]} b5 23. b3 Rxc2 24. Rxc2 Rxc2 25. Kxc2 $11 {[%mdl 4096] Endgame KB-KB} Ke6 26. Kd3 g5 27. f3 f5 28. Be5 f4 29. h4 {[#]} (29. Bb8 $11) 29... h6 (29... Bd6 $1 $17 {[%cal Rd6e5]} 30. Bxd6 (30. hxg5 Bxe5 31. dxe5 Kxe5 $17) 30... Kxd6) 30. Bg7 gxh4 31. Bxh6 Kf5 32. Bg7 Be7 33. Be5 Kg5 34. Ke2 Bb4 35. Bc7 Bc3 36. Bd8+ Kf5 37. Bxh4 (37. Kd3 {looks sharper.} Be1 38. Bc7 a6 39. Bd6 Bf2 40. Be5) 37... Bxd4 38. g3 fxg3 $1 39. Bxg3 a6 40. Bf2 Be5 41. Be3 $1 Ke6 42. Kd3 Kf5 43. Bd4 {Bxe5 is the strong threat.} Bd6 44. Be3 Bc7 45. Kd4 Bb6+ 46. Kd3 Bc7 47. Bg1 Ke6 48. Bd4 Bf4 49. Bc5 Kd7 50. Be3 Be5 51. Bd2 Kc6 52. Bc3 Bg3 53. Bd4 Bd6 54. Ke3 a5 55. f4 a4 56. f5 Kd7 57. Kf3 Ke7 58. Kg4 Kf7 59. Kg5 Bb4 60. f6 Bd2+ ({Black should play} 60... axb3 $11 61. axb3 Bd6) 61. Kf5 $14 axb3 62. axb3 b4 63. Ke5 Bg5 64. Kxd5 Bd2 65. Kc4 Be1 66. Be5 Ke6 67. Bb2 Bd2 68. Kd3 Be1 69. Ke4 Bc3 $2 {[%mdl 8192] [#]} (69... Bh4 $14) 70. Bxc3 bxc3 71. Kd3 {Accuracy: White = 94%, Black = 83%.} 1-0

[Event "Stay Safe Play From Home 234"]
[Site "Emanuel Lasker Arena"]
[Date "2020.06.17"]
[Round "7"]
[White "Mehrdadahouran"]
[Black "Position"]
[Result "0-1"]
[WhiteElo "2000"]
[BlackElo "2031"]
[Annotator "TA"]
[PlyCount "118"]
[EventDate "2020.06.17"]
[EventType "swiss (blitz)"]

{[%evp 13,118,16,20,0,14,6,13,14,10,16,38,35,101,38,14,0,7,-15,30,0,0,0,0,0,10,-33,8,0,9,0,0,0,0,-130,-124,-160,-156,-165,0,-12,0,-47,0,-15,0,-50,0,0,12,31,76,-270,-291,-260,-280,-283,-215,-216,-136,-129,0,0,297,-423,-423,-418,-418,-420,-414,-416,-411,-409,-242,-408,-402,-470,-470,-470,-470,-447,-443,-524,-522,-716,-556,-689,-673,-690,-75,-1031,-810,-29972,-29973,-29977,-29976,-5073,-1247,-5073,-2010,-29981,-29977,-29981,-29980,-29988,-29989,-29998,-29999]} 1. d4 Nf6 2. c4 e6 3. Nf3 b6 4. g3 Bb7 5. Bg2 Bb4+ 6. Nbd2 O-O 7. O-O a5 8. a3 {E16: Queen's Indian: 4 g3 Bb7 5 Bg2 Bb4+.} Be7 9. b3 d6 10. Bb2 {The position is equal.} Nbd7 11. Qc2 {[#]} Rc8 $146 ({Predecessor:} 11... c5 12. e4 cxd4 13. Nxd4 Qb8 14. Rac1 Rc8 15. Qd3 Ne5 16. Qe2 Nc6 17. N2f3 Nd7 {0-1 (24) Bartoszek,J (1751)-Lewtak,D (2265) Olsztyn 2013}) 12. e4 c5 (12... d5 $14) 13. e5 ({White should play} 13. d5 $1 $16) 13... Ne8 $1 $14 14. dxc5 Nxc5 15. Rad1 d5 16. Rfe1 Qc7 17. Qc3 Qb8 18. Qe3 h6 19. Bd4 dxc4 20. Nxc4 Bd5 21. Nfd2 Bxg2 22. Kxg2 Nc7 23. b4 (23. Qf3 $11) 23... Nd5 $17 {[%mdl 64] [#] Double Attack} 24. Qf3 axb4 25. axb4 Na6 $2 (25... Nxb4 $19 {aiming for ...Nc2.} 26. Bxc5 Rxc5) 26. b5 $11 Nc5 27. Nb3 Na4 28. Rc1 Rfd8 29. Ne3 Nb4 30. Nc4 Nc5 31. Bxc5 $1 bxc5 32. Nd6 $2 {[%mdl 8192] [#]} (32. b6 $16 {is necessary to keep the advantage.}) 32... Bxd6 $19 33. exd6 Qxb5 {And now ...Nd3 would win.} ({Weaker is} 33... Qxd6 34. Red1 $17) 34. Red1 Nd5 35. Rb1 Qc6 36. Na5 Qa8 (36... Qa6 $17 37. Rb7 Rf8) 37. Nc4 $1 $11 Nc3 $2 {[%mdl 8192]} (37... Rc6 $11 {and Black has nothing to worry.}) 38. Qxa8 $4 {[%mdl 8192]} (38. Rb7 $18 {was the only winning move.} f5 39. d7 Nxd1 40. Nb6 (40. dxc8=R Qxc8 41. Nb6 Ne3+ 42. fxe3 Rd2+ 43. Kh3 Qe8 $16) 40... Ne3+ 41. Kh3) 38... Rxa8 $19 {Black keeps a firm grip on the game.} 39. Rbc1 Nxd1 40. Rxd1 {[%mdl 4096] Endgame KRR-KRN} Ra4 41. Ne5 {If White can now play Nc6 this consolidates a bit.} Rd4 42. Rc1 Rd5 (42... R4xd6 $142 {Threatens to win with ...f6.} 43. Rxc5 Rd5 44. Rxd5 Rxd5) 43. Nc4 $2 (43. Nc6 R8xd6 44. Ne7+ Kf8 45. Nxd5 Rxd5 46. Kf3) 43... f6 44. f4 Rb8 45. Rc3 Rb4 46. Kf3 Rd4 47. Na5 Rxd6 48. Rxc5 Ra4 49. Nc4 Rd3+ 50. Kg4 Kh7 $2 (50... Ra2 $19 51. Kh3 Rc2 52. Rc8+ Kh7) 51. Rc7 $2 {[%mdl 8192]} (51. Nb2 $17 Rdd4 52. Nxa4 Rxa4 53. h4) 51... Rc3 52. Rc6 Raxc4 53. Rxe6 Rc6 54. Re4 R3c5 55. Re7 h5+ 56. Kh4 Kg6 {Black mates.} 57. Ra7 Rc2 {[%cal Rc2h2]} 58. Kh3 Re2 59. g4 Rc3+ {Accuracy: White = 44%, Black = 57%.} 0-1